LEADER 01104nam a2200217 i 4500 001 000000016955 003 CaOOAMICUS 005 20180830125443.0 008 180830n it u000 u ita u 040 $aSeMil$bita 100 1 $aStanley, Henry Morton,$d<1841-1904>.$0(OLS)http://semarc/name/7785 245 10$aCome divenni esploratore /$cmemorie autobiografiche inedite di Henry M. Stanley ; pubblicate per cura della moglie Dorothy Stanley e tradotte da Adelaide Marchi. 260 $aMilano :$bU. Hoepli,$c[19-?] 300 $a2 v. (577 p.) ;$c24 cm. 650 4$aStanley, Henry M. - Esplorazioni africane.$0(OLS)http://semarc/subject/2768 700 1 $aMarchi, Adelaide.$0(OLS)http://semarc/name/7787 700 1 $aStanley, Dorothy.$0(OLS)http://semarc/name/7786 774 0 $tVita privata e giornalistica fino all'inizio delle esplorazioni africane.$w()155879 774 0 $tRicordi personali sulle esplorazioni africane e la vita pubblica.$gParte2$w()156516 996 $6245$aCome divenni esploratore$9(OLS)http://semarc/title/22424 996 $6260$aMilano :$bU. Hoepli$9(OLS)http://semarc/publisher/33212 LEADER 01020nam a2200217 i 4500 001 000000087517 003 CaOOAMICUS 005 20180830150022.0 008 180830s1956 xx u000 u und u 013 $a59757 040 $aSeMil$bita 100 1 $aMisani, Attilio,$d<1886-1968>.$0(OLS)http://semarc/name/22912 245 10$aGesł maestro (Meditazioni per tutti i giorni dell'anno). Volume Terzo. Dalla Domenica di Resurrezione alla quarta Domenica dopo Pentecoste. 260 $aMilano :$bDaverio,$c1956. 300 $a382 p. 650 4$aAnno liturgico.$0(OLS)http://semarc/subject/1978 650 4$aMeditazioni.$0(OLS)http://semarc/subject/1352 850 $aSeMil 852 $aSeMil$W1$xVenegono$y1$m106 15 3 *$j50984$B50984$CSeMilBibl$Z2$F55116 $81 996 $6245$aGesł maestro (Meditazioni per tutti i giorni dell'anno). Volume Terzo. Dalla Domenica di Resurrezione alla quarta Domenica dopo Pentecoste$9(OLS)http://semarc/title/133564 996 $6260$aMilano :$bDaverio$9(OLS)http://semarc/publisher/30287